Kafkayude pranaya lekhanangal/ (Record no. 22359)

000 -LEADER
fixed length control field 00418nam a22001691a 4500
020 ## - INTERNATIONAL STANDARD BOOK NUMBER
ISBN 9788187474739
082 ## - DEWEY DECIMAL CLASSIFICATION NUMBER
Classification number M6
Item number FRA/K
100 ## - MAIN ENTRY--AUTHOR NAME
Personal name Franz Kafka
245 ## - TITLE STATEMENT
Title Kafkayude pranaya lekhanangal/
Statement of responsibility, etc by Franz Kafka
260 ## - PUBLICATION, DISTRIBUTION, ETC. (IMPRINT)
Place of publication Calicut:
Name of publisher Pappiyon,
Year of publication 2010.
300 ## - PHYSICAL DESCRIPTION
Number of Pages 121p.
650 ## - SUBJECT ADDED ENTRY--TOPICAL TERM
Topical Term Letters Malayalam
650 ## - SUBJECT ADDED ENTRY--TOPICAL TERM
Topical Term Literature Malayalam
650 ## - SUBJECT ADDED ENTRY--TOPICAL TERM
Topical Term Literature
700 ## - ADDED ENTRY--PERSONAL NAME
Personal name Antony K A (tr.)
942 ## - ADDED ENTRY ELEMENTS (KOHA)
Koha item type Book
Holdings
Withdrawn status Lost status Damaged status Not for loan Permanent Location Current Location Date acquired Cost, normal purchase price Full call number Accession Number Cost, replacement price Price effective from Koha item type Shelving location
        Sree Sankaracharya University of Sanskrit Sree Sankaracharya University of Sanskrit 08.01.2015 75.00 M6 FRA/K 065970 0.00 08.01.2015 Book  
        Sree Sankaracharya University of Sanskrit Sree Sankaracharya University of Sanskrit 09.01.2017 75.00 M6 FRA/K 083128   09.01.2017 Book Stacks